00579nam a2200229Ia 450000500170000000800460001702000180006303700100008104000080009104000080009904000080010704100080011504100080012308400080013110000180013924500790015726000220023626000220025826000090028065000120028985600480030120260121125208.0008 260114s9999 xx 000 0 eng d a9780228002673 aEBOOK aCRL beng cCRL 2eng aeng qCRL aJanigan, Mary 0aArt of Sharing: The Richer versus the Poorer Provinces since Confederation bWalter de Gruyter bWalter de Gruyter c2020 aHistory uhttp://www.degruyter.com/isbn/9780228002673